Detalles MARC
| 000 -CABECERA |
| campo de control de longitud fija |
01004nam a2200217 a 4500 |
| 003 - IDENTIFICADOR DEL NÚMERO DE CONTROL |
| campo de control |
DO-SdBNP |
| 005 - FECHA Y HORA DE LA ÚLTIMA TRANSACCIÓN |
| campo de control |
20220706114636.0 |
| 007 - CAMPO FIJO DE DESCRIPCIÓN FÍSICA--INFORMACIÓN GENERAL |
| campo de control de longitud fija |
ta |
| 008 - DATOS DE LONGITUD FIJA--INFORMACIÓN GENERAL |
| campo de control de longitud fija |
190806s2003 000 spa d |
| 020 ## - NÚMERO INTERNACIONAL ESTÁNDAR DEL LIBRO |
| Número Internacional Estándar del Libro |
9993455652 |
| 040 ## - FUENTE DE LA CATALOGACIÓN |
| Centro catalogador/agencia de origen |
DO-SdBNP |
| Lengua de catalogación |
spa |
| Centro/agencia transcriptor |
BNPHU |
| 100 1# - ENTRADA PRINCIPAL--NOMBRE DE PERSONA |
| Nombre de persona |
Heras Borrero, Francisco Manuel de las, |
| 9 (RLIN) |
76543 |
| Fechas asociadas al nombre |
1951- |
| 245 13 - MENCIÓN DE TÍTULO |
| Título |
La orden de Malta : |
| Resto del título |
un ente soberano sin territorio / |
| Mención de responsabilidad, etc. |
Francisco Manuel de las Heras y Borrero ; presentación Marino Ginebra Hurtado ; prólogo José Luis Rodríguez Villacañas. |
| 260 ## - PUBLICACIÓN, DISTRIBUCIÓN, ETC. |
| Lugar de publicación, distribución, etc. |
[Santo Domingo] |
| Nombre del editor, distribuidor, etc. |
Embajada de la Soberana Militar Orden de Malta, Reública Dominicana : |
| -- |
Asociación Dominicana de la Soberana Orden de Malta, Corripio, |
| Fecha de publicación, distribución, etc. |
2003. |
| 300 ## - DESCRIPCIÓN FÍSICA |
| Extensión |
234 p. : |
| Otras características físicas |
il., retrs. ; |
| Dimensiones |
22 cm. |
| 500 ## - NOTA GENERAL |
| Nota general |
Incluye datos biográficos del autor en la contracubierta. |
| 504 ## - NOTA DE BIBLIOGRAFÍA, ETC. |
| Nota de bibliografía, etc. |
Bibliografía : p. 199-212 |
| 700 1# - PUNTO DE ACCESO ADICIONAL--NOMBRE DE PERSONA |
| Nombre de persona |
Rodríguez Villacañas, José Luis, |
| Término indicativo de función/relación |
pról. |
| 9 (RLIN) |
80861 |
| 700 1# - PUNTO DE ACCESO ADICIONAL--NOMBRE DE PERSONA |
| Nombre de persona |
Ginebra Hurtado, Marino, |
| Término indicativo de función/relación |
preset. |
| 9 (RLIN) |
80862 |
| 942 ## - ELEMENTOS DE PUNTO DE ACCESO ADICIONAL (KOHA) |
| Fuente del sistema de clasificación o colocación |
Dewey Decimal Classification |
| Tipo de ítem Koha |
Libro |